000 00236nmm a2200085Ia 4500
008 220120s9999||||xx |||||||||||||||||und||
100 _aChip
245 0 _aPower tools, redhat, linux distribution, full games and mult
260 _aInfomedia18
999 _c139742
_d139742